| 000 | 01714cam a2200337 4500500 | ||
|---|---|---|---|
| 005 | 20260301001720.0 | ||
| 041 | _afre | ||
| 042 | _adc | ||
| 100 | 1 | 0 |
_aCheour, Mejda _eauthor |
| 700 | 1 | 0 |
_aEllouze, Faten _eauthor |
| 700 | 1 | 0 |
_aZayani, Nedra _eauthor |
| 700 | 1 | 0 |
_aDrira, Sinda _eauthor |
| 700 | 1 | 0 |
_aLouati, Afef _eauthor |
| 700 | 1 | 0 |
_aHsairi, Amel _eauthor |
| 700 | 1 | 0 |
_aKhaloui, Moufida _eauthor |
| 700 | 1 | 0 |
_aBouasker, Anissa _eauthor |
| 700 | 1 | 0 |
_aAboub, Hedi _eauthor |
| 245 | 0 | 0 | _a« Pulsion scopique » et TOC : à propos d’un cas |
| 260 | _c2007. | ||
| 500 | _a40 | ||
| 520 | _aCertains auteurs ont cherchés à comparer névrose et perversions. Selon Gillepsie « perversion et névrose se rejoignent dans le complexe d’oedipe ». Selon Freud « les névroses sont le négatif des perversions ». à travers un cas clinique, les auteurs revisitent les frontières entre la jouissance névrotique et la perversion. | ||
| 520 | _aScopic impulse and compulsive obsessional disorder: a case study. Some authors sought to compare nevrosis and perversion. According to Gillepsie “perversion and neurosis meet in the complex of Oedipus”, according to Freud “the neuroses are negative perversions”. Through a clinical case, the authors revisit the borders between the nevrotic pleasure and perversion”. | ||
| 690 | _afrontière | ||
| 690 | _aperversion | ||
| 690 | _atrouble obsessionnel convulsif | ||
| 690 | _aborders | ||
| 690 | _acompulsive obsessional disorder | ||
| 690 | _aperversion | ||
| 786 | 0 | _nPsy Cause | 50 | 4 | 2007-01-03 | p. 30-32 | 1245-2394 | |
| 856 | 4 | 1 | _uhttps://shs.cairn.info/revue-psy-cause-2007-4-page-30?lang=fr&redirect-ssocas=7080 |
| 999 |
_c1674096 _d1674096 |
||